000 00262nam a22001097a 4500
008 170112b xxu||||| |||| 00| 0 eng d
020 _a9781582557335
041 _aeng
080 _a618.2
245 _aNURSING DIAGNOSIS POCKET GUIDE
_cRALPH, SH.S
942 _2udc
_cBK
999 _c2814
_d2814